Iraq from mandate to independence, (Record no. 552681)

000 -LEADER
fixed length control field 00447cam a22001211 4500
082 ## - DEWEY DECIMAL CLASSIFICATION NUMBER
Classification number 956.7
Author Mark Mai
100 1# - MAIN ENTRY--PERSONAL NAME
Personal name Main, Ernest,
9 (RLIN) 49941
245 00 - TITLE STATEMENT
Title Iraq from mandate to independence,
Statement of responsibility, etc. by Ernest Main, with a foreword by Lord Lloyd of Dolobran.
260 ## - PUBLICATION, DISTRIBUTION, ETC.
Place of publication, distribution, etc. London,
Name of publisher, distributor, etc. G. Allen & Unwin ltd.
Date of publication, distribution, etc. [c1935]
300 ## - PHYSICAL DESCRIPTION
Extent 2 p. 1., 3-267 [1] p.
Other physical details plates, 2 port. (incl. front.) 2 maps.
Dimensions 24 cm.
526 ## - STUDY PROGRAM INFORMATION NOTE
Program name 0
Interest level 0
Reading level 0
Title point value 956_700000000000000_MAI
942 ## - ADDED ENTRY ELEMENTS (KOHA)
Source of classification or shelving scheme
Koha item type Book
Holdings
Withdrawn status Lost status Source of classification or shelving scheme Damaged status Not for loan Permanent Location Current Location Shelving location Date acquired Total Checkouts Full call number Barcode Date last seen Price effective from Koha item type
          Military College of Engineering (MCE) Military College of Engineering (MCE)   01/20/2015   956.7 Mai MCE-EC1.6 01/20/2015 03/14/2021 Book
© 2023 Central Library, National University of Sciences and Technology. All Rights Reserved.